000 00853nam a2200181 i 4500
001 156281
003 ES-MaACL
005 20230906210352.0
008 040804s1883 sp |||| | spa d
040 _aCAM
_bspa
_cCAM
100 0 _aJavier.
_9128284
245 1 4 _aLos presupuestos municipales a los ojos de la razón
_b: colección de artículos dedicados al estudio de los presupuestos de la ciudad de Barcelona para el ejercicio económico de 1883-84 /
_cy publicados en el periódico "La Vanguardia" por Javier.
260 _aBarcelona :
_b[s.n.],
_c1883 (
_fEstablecimiento tipográfico de los Sucesores de N. Ramírez y Cª)
300 _a52 p. ;
_c26 cm.
500 _aArtículos publicados en "La Vanguardia"
650 4 _aPresupuestos-
_zBarcelona .
_9166912
852 _aES-MaACL
_jT-385-F-13
_z-- Enc. hol.
_z-- Enc. en un vol. facticio
999 _c156281
_d156281